[Event "BL 1112 SC Eppingen - SK König Tegel"]
[Site "Meißen"]
[Date "2012.02.05"]
[Round "9.3"]
[White "Richter, Michael"]
[Black "Balogh, Csaba"]
[Result "1/2-1/2"]
[WhiteElo "2484"]
[BlackElo "2662"]
[PlyCount "53"]
[EventDate "2012.??.??"]

1. d4 Nf6 2. c4 e6 3. Nc3 Bb4 4. Qc2 O-O 5. e4 d6 6. a3 Bxc3+ 7. bxc3 Nbd7 8.
Bd3 c5 9. Ne2 Qc7 10. O-O b5 11. Qa2 cxd4 12. cxd4 bxc4 13. Qxc4 Qxc4 14. Bxc4
Nxe4 15. Bf4 Nb6 16. Bd3 d5 17. Rfc1 Bd7 18. f3 Nf6 19. Ba6 Bc8 20. Bb5 Bd7 21.
Ba6 Nc4 22. Bb7 Rae8 23. Ba6 Ra8 24. Bb7 Rae8 25. Ba6 Ra8 26. Bb7 Rae8 27. Ba6
1/2-1/2

[Event "BL 1112 SC Eppingen - SK König Tegel"]
[Site "Meißen"]
[Date "2012.02.05"]
[Round "9.4"]
[White "Gyimesi, Zoltan"]
[Black "Muse, Mladen"]
[Result "1/2-1/2"]
[WhiteElo "2646"]
[BlackElo "2443"]
[PlyCount "40"]
[EventDate "2012.??.??"]

1. d4 g6 2. e4 Bg7 3. c4 c5 4. d5 d6 5. Nc3 Nf6 6. h3 O-O 7. Nf3 b5 8. cxb5 a6
9. a4 Ne8 10. Bd2 Nd7 11. Be2 Nc7 12. O-O Rb8 13. Qc2 axb5 14. axb5 Nb6 15.
Rfd1 Bd7 16. Bf4 Nc8 17. e5 Nxb5 18. Ne4 Bf5 19. Bd3 Bxe4 20. Bxe4 Nb6 1/2-1/2

[Event "BL 1112 SC Eppingen - SK König Tegel"]
[Site "Meißen"]
[Date "2012.02.05"]
[Round "9.5"]
[White "Von Herman, Ulf"]
[Black "Bindrich, Falko"]
[Result "1/2-1/2"]
[WhiteElo "2419"]
[BlackElo "2548"]
[PlyCount "76"]
[EventDate "2012.??.??"]

1. d4 Nf6 2. c4 e6 3. Nf3 d5 4. Nc3 dxc4 5. Qa4+ Nbd7 6. g3 a6 7. Bg2 Rb8 8.
Qxc4 b5 9. Qd3 Bb7 10. O-O Be7 11. Bf4 O-O 12. Ne5 Bxg2 13. Kxg2 Nxe5 14. Bxe5
Nd7 15. Bf4 Bd6 16. Qf3 e5 17. dxe5 Nxe5 18. Bxe5 Bxe5 19. Rad1 Qe8 20. Rd2 Qe6
21. Qd5 Rfe8 22. Qxe6 Rxe6 23. Rc1 c5 24. b3 Bc7 25. Nd5 Bd6 26. Rcd1 Bf8 27.
g4 Rc8 28. Rc2 Rec6 29. e4 c4 30. Kf3 a5 31. Rdc1 Ba3 32. bxc4 Kf8 33. Rb1 bxc4
34. Rb7 c3 35. Rb3 Bb2 36. a4 Rc4 37. Ke3 Re8 38. f3 Rxa4 1/2-1/2

[Event "BL 1112 SC Eppingen - SK König Tegel"]
[Site "Meißen"]
[Date "2012.02.05"]
[Round "9.6"]
[White "Ruck, Robert"]
[Black "Muse, Drazen"]
[Result "1/2-1/2"]
[WhiteElo "2579"]
[BlackElo "2388"]
[PlyCount "139"]
[EventDate "2012.??.??"]

1. Nf3 d6 2. d4 Nf6 3. g3 g6 4. Bg2 Bg7 5. c4 O-O 6. O-O Nbd7 7. Nc3 e5 8. e4
c6 9. h3 Qe7 10. Re1 Ne8 11. Kh2 h6 12. Rb1 f5 13. exf5 gxf5 14. dxe5 dxe5 15.
Nxe5 Nxe5 16. f4 Ng4+ 17. hxg4 Qf7 18. Nd5 fxg4 19. Ne7+ Kh8 20. Qd3 Qh5+ 21.
Kg1 Qc5+ 22. Kf1 Bf5 23. Nxf5 Qxf5 24. Qxf5 Rxf5 25. b3 Rf7 26. Ba3 Nf6 27.
Rbd1 Nh5 28. Kf2 Nf6 29. Re6 Rc8 30. Bc5 Kg8 31. Rd2 a6 32. Be3 Rcc7 33. Rd8+
Rf8 34. Rd1 Rff7 35. Rd8+ Rf8 36. Red6 Kf7 37. Rxf8+ Bxf8 38. Rd8 Re7 39. Rb8
Rd7 40. Ke2 h5 41. c5 Bg7 42. b4 Nd5 43. Bxd5+ cxd5 44. Kd3 d4 45. Bf2 h4 46.
gxh4 Kg6 47. a4 Kf5 48. b5 axb5 49. axb5 Kxf4 50. c6 bxc6 51. bxc6 Rc7 52. Rb7
Be5 53. Bxd4 Rxc6 54. Rf7+ Kg3 55. Bxe5+ Kxh4 56. Ke4 Rc4+ 57. Kf5 Kh3 58. Rh7+
Kg2 59. Rh2+ Kf3 60. Ra2 Re4 61. Bd6 Re2 62. Ra4 g3 63. Rf4+ Kg2 64. Rg4 Re3
65. Kg5 Rd3 66. Bc7 Kh3 67. Be5 Re3 68. Bc7 Rc3 69. Be5 Re3 70. Bc7 1/2-1/2

[Event "BL 1112 SC Eppingen - SK König Tegel"]
[Site "Meißen"]
[Date "2012.02.05"]
[Round "9.7"]
[White "Fruebing, Stefan"]
[Black "Medvegy, Zoltan"]
[Result "1/2-1/2"]
[WhiteElo "2373"]
[BlackElo "2531"]
[PlyCount "42"]
[EventDate "2012.??.??"]

1. e4 c5 2. Nf3 Nc6 3. Nc3 Nf6 4. Bb5 g6 5. e5 Ng4 6. Bxc6 dxc6 7. h3 Nh6 8. g4
Bg7 9. d3 O-O 10. Be3 f5 11. g5 Nf7 12. Bf4 Qb6 13. Qc1 Be6 14. O-O c4 15. d4
Bd5 16. Nxd5 cxd5 17. c3 Rfc8 18. Kg2 Qc6 19. h4 b5 20. h5 e6 21. Rh1 Nh8
1/2-1/2

[Event "BL 1112 SC Eppingen - SK König Tegel"]
[Site "Meißen"]
[Date "2012.02.05"]
[Round "9.8"]
[White "Vogt, Lothar"]
[Black "Sarbok, Torsten"]
[Result "0-1"]
[WhiteElo "2410"]
[BlackElo "2349"]
[PlyCount "104"]
[EventDate "2012.??.??"]

1. e4 c6 2. d4 d5 3. exd5 cxd5 4. c4 Nf6 5. Nc3 e6 6. Nf3 Be7 7. Bd3 dxc4 8.
Bxc4 O-O 9. O-O Nc6 10. a3 a6 11. Be3 b5 12. Bb3 Na5 13. Ba2 Bb7 14. Ne5 Nd5
15. Rc1 Nb6 16. Qe2 Rc8 17. Rfd1 Nac4 18. Bf4 Bg5 19. Bxg5 Qxg5 20. f3 Rfd8 21.
Nxc4 Nxc4 22. a4 Ne3 23. Re1 Nf5 24. d5 exd5 25. axb5 axb5 26. Qxb5 Nh4 27. Qf1
Ba6 28. f4 Bxf1 29. fxg5 Bxg2 30. Nxd5 Rb8 31. Red1 Kf8 32. b4 Bf3 33. Rd4 Bxd5
34. Rxd5 Nf3+ 35. Kf2 Rxd5 36. Bxd5 Nxg5 37. h4 Ne6 38. Bxe6 fxe6 39. Rb1 Ke7
40. Kf3 Rb5 41. Kg4 g6 42. Kf4 Kd6 43. Kg4 Kc6 44. Kf4 Rf5+ 45. Kg4 Kb5 46. Rb2
e5 47. Kg3 h5 48. Rb1 e4 49. Rb3 Kc4 50. Rb1 e3 51. b5 e2 52. Kg2 Rxb5 0-1

[Event "BL 1112 SV Hockenheim - USV TU Dresden"]
[Site "Meißen"]
[Date "2012.02.05"]
[Round "9.1"]
[White "Gajewski, Grzegorz"]
[Black "Buhmann, Rainer"]
[Result "0-1"]
[WhiteElo "2607"]
[BlackElo "2606"]
[PlyCount "142"]
[EventDate "2012.??.??"]

1. d4 d5 2. c4 c6 3. Nf3 Nf6 4. Nc3 a6 5. e3 g6 6. Be2 Bg7 7. O-O O-O 8. Bd2
Nbd7 9. cxd5 cxd5 10. Qb3 e6 11. Rfc1 Re8 12. a4 b6 13. a5 b5 14. Na2 Bb7 15.
Nb4 Rc8 16. Nd3 Ne4 17. Bb4 Rxc1+ 18. Rxc1 Qb8 19. Nfe5 Nxe5 20. dxe5 Bxe5 21.
Nxe5 Qxe5 22. f3 Nf6 23. f4 Qb8 24. Bc3 Rc8 25. Rd1 Nd7 26. Qb4 Qc7 27. Qd4 f6
28. h4 Qc5 29. Qd2 Qe7 30. h5 Kf7 31. Qe1 Rg8 32. Rc1 Rc8 33. Rd1 Rg8 34. Bb4
Qd8 35. Qh4 Nb8 36. Bc3 Nc6 37. Bd3 Rg7 38. b4 Qe7 39. Rc1 Qd8 40. Bb2 Qe7 41.
hxg6+ hxg6 42. Be2 Rg8 43. Kf2 d4 44. Rc5 dxe3+ 45. Kg1 Qd8 46. Rc2 Rh8 47. Qg3
Qd6 48. Qxe3 Nxb4 49. Rd2 Nd5 50. Qa7 Qe7 51. Bf3 Rc8 52. Kh2 Rh8+ 53. Kg3 Ra8
54. Qd4 Rc8 55. Qa7 Qc7 56. Qd4 Qc4 57. Bxd5 Qxd4 58. Bxe6+ Kxe6 59. Bxd4 Rc4
60. Bb2 Ra4 61. Rd8 Ra2 62. Rb8 Rxb2 63. Rxb7 Rd2 64. Kf3 Rd6 65. g4 Kd5 66.
Ke3 Kc4 67. Rg7 f5 68. gxf5 gxf5 69. Rf7 b4 70. Rxf5 b3 71. Rf7 b2 0-1

[Event "BL 1112 SV Hockenheim - USV TU Dresden"]
[Site "Meißen"]
[Date "2012.02.05"]
[Round "9.2"]
[White "Lenic, Luka"]
[Black "Boensch, Uwe"]
[Result "1/2-1/2"]
[WhiteElo "2641"]
[BlackElo "2530"]
[PlyCount "96"]
[EventDate "2012.??.??"]

1. Nf3 Nf6 2. g3 d5 3. Bg2 c6 4. O-O Bg4 5. d3 Nbd7 6. Nbd2 e6 7. Qe1 Be7 8. e4
dxe4 9. dxe4 e5 10. Nc4 Bxf3 11. Bxf3 O-O 12. a4 Qc7 13. Qe2 a5 14. Bg2 Rfe8
15. Rd1 Bc5 16. Bd2 Bd4 17. c3 Bc5 18. Qf3 Bf8 19. Qe2 Nc5 20. Bg5 Nfd7 21. Bh3
Nb6 22. Be3 Nbxa4 23. Qc2 b5 24. b3 Nxc3 25. Qxc3 bxc4 26. Qxc4 Ne6 27. Rac1
Rac8 28. Rd3 Qb7 29. Bg4 h6 30. h4 Rc7 31. h5 Bb4 32. Rcd1 Rce7 33. Bf5 Qb5 34.
Qc2 c5 35. Rd5 Qb8 36. Bxe6 Rxe6 37. Qc4 Qc8 38. Kg2 R6e7 39. Qe2 Rc7 40. Rc1
Qe6 41. Rc4 Rec8 42. Qd1 Rc6 43. Qa1 f6 44. Qd1 Kh7 45. Qf3 R8c7 46. Qd1 Rc8
47. Qf3 R8c7 48. Qd1 Rc8 1/2-1/2

[Event "BL 1112 SV Hockenheim - USV TU Dresden"]
[Site "Meißen"]
[Date "2012.02.05"]
[Round "9.3"]
[White "Maiwald, Jens-Uwe"]
[Black "Baramidze, David"]
[Result "1/2-1/2"]
[WhiteElo "2459"]
[BlackElo "2591"]
[PlyCount "47"]
[EventDate "2012.??.??"]

1. d4 Nf6 2. Nf3 d5 3. c4 e6 4. Nc3 Be7 5. cxd5 exd5 6. Bg5 c6 7. Qc2 g6 8. e3
Bf5 9. Bd3 Bxd3 10. Qxd3 Nbd7 11. Bh6 Ng4 12. Bf4 Ngf6 13. Bh6 Ng4 14. Bf4 O-O
15. O-O Ngf6 16. Rac1 Re8 17. h3 a5 18. Ne5 Nxe5 19. Bxe5 Nd7 20. Bg3 a4 21.
Nxd5 cxd5 22. Bc7 Qc8 23. Bg3 Qd8 24. Bc7 1/2-1/2

[Event "BL 1112 SV Hockenheim - USV TU Dresden"]
[Site "Meißen"]
[Date "2012.02.05"]
[Round "9.4"]
[White "Saric, Ivan"]
[Black "Tischbierek, Raj"]
[Result "1-0"]
[WhiteElo "2643"]
[BlackElo "2454"]
[PlyCount "69"]
[EventDate "2012.??.??"]

1. e4 c5 2. Nf3 Nf6 3. Nc3 d5 4. exd5 Nxd5 5. Bb5+ Bd7 6. Ne5 Bxb5 7. Qf3 f6 8.
Nxb5 Na6 9. Qh5+ g6 10. Nxg6 hxg6 11. Qxh8 Qd7 12. Nc3 Qe6+ 13. Kf1 Nab4 14.
Qh4 O-O-O 15. Qe4 Qa6+ 16. Qe2 Qxe2+ 17. Kxe2 Nxc2 18. Nxd5 Nxa1 19. Nf4 g5 20.
Ne6 Re8 21. Kd3 c4+ 22. Kxc4 Kd7 23. Nc5+ Kc6 24. d4 b5+ 25. Kd3 e5 26. Ne4 f5
27. Nf6 e4+ 28. Ke2 Rc8 29. Bxg5 Nc2 30. Rd1 Kd6 31. h4 Bg7 32. g4 Ke6 33. d5+
Kf7 34. Nh5 Nd4+ 35. Ke3 1-0

[Event "BL 1112 SV Hockenheim - USV TU Dresden"]
[Site "Meißen"]
[Date "2012.02.05"]
[Round "9.5"]
[White "Uhlmann, Wolfgang"]
[Black "Miroshnichenko, Evgenij"]
[Result "0-1"]
[WhiteElo "2379"]
[BlackElo "2624"]
[PlyCount "102"]
[EventDate "2012.??.??"]

1. c4 g6 2. e4 Bg7 3. d4 c5 4. Nf3 d6 5. Nc3 Bg4 6. d5 Nf6 7. Be2 O-O 8. Be3
Na6 9. Nd2 Bxe2 10. Qxe2 Nc7 11. O-O Re8 12. Rab1 e6 13. b4 cxb4 14. Rxb4 b6
15. dxe6 Nxe6 16. Nd5 Nc5 17. Bxc5 Nxd5 18. cxd5 dxc5 19. Rb3 Qxd5 20. f3 Rad8
21. Nc4 Qd4+ 22. Kh1 f5 23. e5 f4 24. Re1 Bxe5 25. Rbb1 Bf6 26. Qxe8+ Rxe8 27.
Rxe8+ Kg7 28. Re4 Qd3 29. Rbe1 b5 30. Ne5 Qd2 31. Ng4 Bh4 32. g3 fxg3 33. hxg3
Bd8 34. R1e2 Qd1+ 35. Kg2 c4 36. Nf2 Qd7 37. Ng4 c3 38. Nf2 a5 39. a3 Qd6 40.
R4e3 Qc6 41. Nd3 Bg5 42. Re6 Qd5 43. Ne1 b4 44. R6e5 Qd1 45. axb4 axb4 46. Kf2
Bf6 47. Rb5 Bd4+ 48. Kf1 b3 49. Rb7+ Kf6 50. Ree7 c2 51. Rf7+ Ke5 0-1

[Event "BL 1112 SV Hockenheim - USV TU Dresden"]
[Site "Meißen"]
[Date "2012.02.05"]
[Round "9.6"]
[White "Ribli, Zoltan"]
[Black "Gauglitz, Gernot"]
[Result "1/2-1/2"]
[WhiteElo "2588"]
[BlackElo "2406"]
[PlyCount "71"]
[EventDate "2012.??.??"]

1. Nf3 Nf6 2. c4 c6 3. Nc3 d5 4. d4 g6 5. cxd5 cxd5 6. Bf4 Bg7 7. e3 O-O 8. Bd3
Nc6 9. h3 b6 10. O-O Bb7 11. Rc1 Rc8 12. Qe2 Qd7 13. Bb5 Ne8 14. Ne5 Bxe5 15.
dxe5 Nc7 16. Rfd1 Qe6 17. Bxc6 Bxc6 18. Qd2 Qd7 19. b3 Rfd8 20. Ne2 Ne6 21. Nd4
Bb7 22. Qb4 Rxc1 23. Rxc1 Rc8 24. Rxc8+ Bxc8 25. Bh6 Qc7 26. Nxe6 Bxe6 27. Qh4
Bf5 28. Qa4 Bd7 29. Qd4 Be6 30. h4 a5 31. h5 b5 32. Bg5 b4 33. h6 Kf8 34. Bf4
Ke8 35. f3 Qc3 36. Qb6 1/2-1/2

[Event "BL 1112 SV Hockenheim - USV TU Dresden"]
[Site "Meißen"]
[Date "2012.02.05"]
[Round "9.7"]
[White "Loxine, Jakow"]
[Black "Paehtz, Elisabeth"]
[Result "0-1"]
[WhiteElo "2399"]
[BlackElo "2461"]
[PlyCount "194"]
[EventDate "2012.??.??"]

1. c4 g6 2. Nc3 Bg7 3. d4 d6 4. Nf3 Nf6 5. e4 O-O 6. h3 e5 7. d5 Qe8 8. g4 Na6
9. Be3 Nc5 10. Nd2 a5 11. Be2 c6 12. g5 Nfd7 13. Qc2 f5 14. f3 Na6 15. a3 Ndc5
16. Rb1 Qd8 17. b4 axb4 18. axb4 Nd7 19. h4 c5 20. b5 Nb4 21. Qd1 f4 22. Bf2 h6
23. Rg1 hxg5 24. hxg5 Kf7 25. Nb3 Rh8 26. Kd2 Rh5 27. Ra1 Rxa1 28. Qxa1 Bf8 29.
Qa8 Rh2 30. Nd1 Be7 31. Qa7 Qc7 32. Nc1 Nb6 33. Na2 Nxa2 34. Qxa2 Nd7 35. Kd3
Nf8 36. Qa7 Bd8 37. Be1 Nh7 38. b6 Qxb6 39. Qxb6 Bxb6 40. Nc3 Ke7 41. Bd2 Ba5
42. Ra1 b6 43. Na4 Nxg5 44. Bxa5 bxa5 45. Nb6 Bh3 46. Rxa5 Rf2 47. Ra7+ Kf6 48.
Nd7+ Bxd7 49. Rxd7 Nf7 50. Kd2 g5 51. Ke1 Rh2 52. Kf1 Rh8 53. Kf2 Rd8 54. Ra7
Rb8 55. Rd7 Rb2 56. Ke1 Rb3 57. Kf2 Rb2 58. Ke1 Ra2 59. Kf1 Ra6 60. Kf2 Nh6 61.
Kg2 Kg6 62. Kf2 Rb6 63. Ke1 Ng8 64. Rc7 Rb1+ 65. Kd2 Rb2+ 66. Ke1 Nf6 67. Rc6
Ne8 68. Rc8 Kf7 69. Bf1 Rh2 70. Be2 Ke7 71. Ra8 Rh1+ 72. Kf2 Nf6 73. Ra7+ Kd8
74. Ra6 Kc7 75. Ra7+ Kd8 76. Ra6 Ke7 77. Ra7+ Kf8 78. Ra6 Ne8 79. Ra7 Rh2+ 80.
Kf1 Nf6 81. Ra6 Ke7 82. Ra7+ Kf8 83. Ra6 Nh5 84. Ke1 Ng3 85. Bd3 Rh1+ 86. Kd2
Rh6 87. Ra8+ Kf7 88. Ra7+ Kg6 89. Rd7 Kh5 90. Rg7 Kh4 91. Ke1 Nh5 92. Rg8 Nf6
93. Rg7 Kg3 94. Be2 g4 95. Bd1 Rh1+ 96. Ke2 Rxd1 97. Kxd1 Kxf3 0-1

[Event "BL 1112 SV Hockenheim - USV TU Dresden"]
[Site "Meißen"]
[Date "2012.02.05"]
[Round "9.8"]
[White "Rau, Hannes"]
[Black "Hoffmann, Paul"]
[Result "0-1"]
[WhiteElo "2464"]
[BlackElo "2317"]
[PlyCount "32"]
[EventDate "2012.??.??"]

1. d4 Nf6 2. c4 e6 3. Nc3 Bb4 4. f3 c5 5. d5 O-O 6. e4 exd5 7. cxd5 Re8 8. Nge2
Na6 9. a3 Ba5 10. d6 b5 11. Nf4 c4 12. Be3 Bb7 13. Kf2 Bb6 14. Be2 Nc5 15. Nfd5
Bxd5 16. Nxd5 Nd3+ 0-1

[Event "BL 1112 SV Wattenscheid - SV Mülheim No"]
[Site "?"]
[Date "2012.02.25"]
[Round "10.2"]
[White "Najer, Evgeniy"]
[Black "Landa, Konstantin"]
[Result "1/2-1/2"]
[WhiteElo "2637"]
[BlackElo "2639"]
[PlyCount "120"]
[EventDate "2012.??.??"]

1. e4 c6 2. d4 d5 3. e5 c5 4. dxc5 Nc6 5. a3 Nxe5 6. b4 g6 7. Bb5+ Bd7 8. Qe2
Bg7 9. Bb2 Bxb5 10. Qxb5+ Qd7 11. Qxd7+ Kxd7 12. Ke2 Bf6 13. Nd2 b6 14. Rd1
bxc5 15. Bxe5 Bxe5 16. Ngf3 Bg7 17. Ne4 e6 18. Nxc5+ Ke7 19. Nd4 Nf6 20. Nc6+
Kd6 21. Na5 Rhc8 22. Rd3 Nd7 23. Rb1 Ne5 24. Rh3 h5 25. Rd1 Nc6 26. Nxc6 Kxc6
27. Rf3 Rc7 28. Na6 Re7 29. Rb3 Rc8 30. Kd3 Rd7 31. Nc5 Rdd8 32. Ke2 Bf8 33.
Rc3 Kb5 34. Kd3 Bxc5 35. bxc5 Kc6 36. Kd4 Rb8 37. Rf3 Rb7 38. Rdd3 Rdd7 39. Rb3
Re7 40. Ke5 Red7 41. Rxb7 Rxb7 42. h4 a5 43. Kd4 a4 44. c4 Rd7 45. Rf6 dxc4+
46. Kxc4 Rb7 47. Rf4 Rd7 48. Rf6 Rb7 49. Rf4 Rd7 50. g3 Rb7 51. Rf3 Rd7 52. Rf6
Rb7 53. Rf4 Rd7 54. Rf3 Rb7 55. Rf4 Rd7 56. Rf6 Rb7 57. f3 Rb3 58. Rxf7 Rxa3
59. Ra7 Rxf3 60. Rxa4 Rxg3 1/2-1/2

[Event "BL 1112 SV Wattenscheid - SV Mülheim No"]
[Site "?"]
[Date "2012.02.25"]
[Round "10.3"]
[White "Berelowitsch, Alexander"]
[Black "Bogner, Sebastian"]
[Result "1/2-1/2"]
[WhiteElo "2563"]
[BlackElo "2534"]
[PlyCount "88"]
[EventDate "2012.??.??"]

1. e4 c5 2. Nf3 d6 3. d4 cxd4 4. Nxd4 Nf6 5. Nc3 a6 6. Bg5 e6 7. f4 h6 8. Bh4
Be7 9. Qf3 Qc7 10. O-O-O Nbd7 11. Be2 O-O 12. Rhe1 b5 13. Qg3 Bb7 14. Bf3 Nb6
15. e5 dxe5 16. fxe5 Nfd5 17. Bxe7 Qxe7 18. Bxd5 Bxd5 19. Nf5 exf5 20. Nxd5
Nxd5 21. Rxd5 Rad8 22. Red1 Rxd5 23. Rxd5 Qe6 24. Qf3 f4 25. b3 Re8 26. Rc5 Qf5
27. Qd5 Kh7 28. Qd3 Kg6 29. Kd2 Qxd3+ 30. cxd3 Kf5 31. Rc7 Kxe5 32. Rxf7 g5 33.
Rb7 Re6 34. a4 bxa4 35. bxa4 Rd6 36. Re7+ Kf5 37. Rf7+ Kg4 38. Re7 Rb6 39. Kc3
Rb1 40. d4 Rc1+ 41. Kd3 Rd1+ 42. Kc3 Rc1+ 43. Kd3 Ra1 44. Re2 Kf5 1/2-1/2

[Event "BL 1112 SV Wattenscheid - SV Mülheim No"]
[Site "?"]
[Date "2012.02.25"]
[Round "10.4"]
[White "Rustemov, Alexander"]
[Black "Feygin, Michael"]
[Result "1-0"]
[WhiteElo "2537"]
[BlackElo "2521"]
[PlyCount "93"]
[EventDate "2012.??.??"]

1. d4 e6 2. Nf3 Nf6 3. c4 c5 4. d5 exd5 5. cxd5 d6 6. Nc3 g6 7. Nd2 Nbd7 8. e4
Bg7 9. Nc4 Nb6 10. Ne3 O-O 11. Bd3 a6 12. O-O Bd7 13. a4 Re8 14. f4 Rb8 15. Qf3
Qe7 16. a5 Nc8 17. Kh1 Rf8 18. Bd2 Na7 19. Rae1 Ne8 20. Nc4 Nb5 21. e5 Nd4 22.
Qg3 Bb5 23. e6 fxe6 24. dxe6 Nc7 25. Nb6 Ncxe6 26. Nbd5 Qd7 27. Nxb5 axb5 28.
f5 gxf5 29. Bg5 Kh8 30. Be7 Rf7 31. Qh4 Re8 32. Nf6 Rxf6 33. Bxf6 Rf8 34. Bxf5
Bxf6 35. Bxe6 Qg7 36. Qh3 Ra8 37. Bd5 Rf8 38. b3 b4 39. g3 h6 40. Qg2 Rb8 41.
Qe4 Rf8 42. Rf2 Nb5 43. Bxb7 Nc3 44. Qc6 Be7 45. Rxf8+ Qxf8 46. Qd7 Ne2 47. a6
1-0

[Event "BL 1112 SV Wattenscheid - SV Mülheim No"]
[Site "?"]
[Date "2012.02.25"]
[Round "10.7"]
[White "Saltaev, Mihail"]
[Black "Handke, Florian"]
[Result "0-1"]
[WhiteElo "2484"]
[BlackElo "2518"]
[PlyCount "76"]
[EventDate "2012.??.??"]

1. e4 c5 2. Nf3 e6 3. d4 cxd4 4. Nxd4 a6 5. Nc3 Qc7 6. Bd3 Nf6 7. Qe2 Bc5 8.
Nb3 Bd6 9. Bd2 Nc6 10. O-O-O b5 11. g4 b4 12. Na4 Ne5 13. g5 Nfg4 14. Kb1 Qc6
15. f4 Qxa4 16. h3 Nxd3 17. cxd3 Ne5 18. fxe5 Bxe5 19. Rc1 Bb7 20. Qe3 O-O 21.
Rc5 d5 22. Ra5 Qd7 23. Bxb4 Rfb8 24. Rc1 Bc7 25. Ra3 dxe4 26. dxe4 Qb5 27. Bc3
Bb6 28. Qf3 Rd8 29. Nd2 Rd3 30. Qg2 Be3 31. Rb3 Qd7 32. Nc4 Bxc1 33. Ne5 Qa4
34. Rxb7 Qd1 35. Qc2 Bf4+ 36. Qxd1 Rxd1+ 37. Kc2 Rc1+ 38. Kb3 Rxc3+ 0-1

[Event "BL 1112 SV Wattenscheid - SV Mülheim No"]
[Site "?"]
[Date "2012.02.25"]
[Round "10.8"]
[White "Hirneise, Tobias"]
[Black "Litwak, Aleksej"]
[Result "1-0"]
[WhiteElo "2446"]
[BlackElo "2276"]
[PlyCount "109"]
[EventDate "2012.??.??"]

1. d4 d5 2. c4 e6 3. Nf3 c5 4. cxd5 exd5 5. g3 Nf6 6. Bg2 Nc6 7. O-O Be7 8. Nc3
O-O 9. dxc5 Bxc5 10. a3 Ne4 11. Qc2 Nxc3 12. Qxc3 Qe7 13. b4 Bb6 14. e3 Rd8 15.
Rd1 Bg4 16. Bb2 f6 17. Qb3 Qf7 18. h3 Be6 19. Nd4 Nxd4 20. Bxd4 Bc7 21. Rac1
Bd6 22. Rd2 Rd7 23. Rdc2 b6 24. f4 f5 25. a4 Rad8 26. Bf1 Bf8 27. Bb5 Re7 28.
Qd3 Bd7 29. Bc6 Bxc6 30. Rxc6 Red7 31. b5 Qh5 32. Kg2 Qf7 33. g4 fxg4 34. hxg4
Qe7 35. Kg3 Rd6 36. Be5 Rxc6 37. bxc6 Qe6 38. e4 d4 39. c7 Re8 40. Qc4 Qxc4 41.
Rxc4 Bc5 42. Bxd4 Rc8 43. Be5 Kf7 44. Rc1 Ke6 45. Rh1 Bd6 46. Bxg7 Rxc7 47.
Rxh7 Rc4 48. Rh6+ Kd7 49. e5 Bc7 50. g5 Rxa4 51. g6 Ke6 52. Bf6 Ra1 53. g7 Kf5
54. Rh5+ Ke4 55. Rg5 1-0

[Event "BL 1112 Hansa Dortmund - SF Katernberg"]
[Site "?"]
[Date "2012.02.25"]
[Round "10.1"]
[White "Volokitin, Andrei"]
[Black "Steingrimsson, Hedinn"]
[Result "1-0"]
[WhiteElo "2686"]
[BlackElo "2562"]
[PlyCount "63"]
[EventDate "2012.??.??"]

1. e4 e5 2. Nf3 Nc6 3. Bb5 Nf6 4. O-O Nxe4 5. d4 Nd6 6. Bxc6 dxc6 7. dxe5 Nf5
8. Qxd8+ Kxd8 9. h3 Be7 10. Nc3 Nh4 11. Nd4 c5 12. Nde2 Kd7 13. Nd5 Bd8 14. c4
Re8 15. f4 f6 16. g3 Nf5 17. Rd1 Kc6 18. g4 Nh4 19. Kf2 fxe5 20. f5 e4 21. Bf4
Nf3 22. Nec3 Ne5 23. Bxe5 Rxe5 24. Kg3 a6 25. Nb6 Kxb6 26. Rxd8 Ka7 27. Nd5 c6
28. Kf4 cxd5 29. Kxe5 d4 30. g5 e3 31. f6 gxf6+ 32. gxf6 1-0

[Event "BL 1112 Hansa Dortmund - SF Katernberg"]
[Site "?"]
[Date "2012.02.25"]
[Round "10.2"]
[White "Henrichs, Thomas"]
[Black "Fontaine, Robert"]
[Result "0-1"]
[WhiteElo "2473"]
[BlackElo "2552"]
[PlyCount "50"]
[EventDate "2012.??.??"]

1. Nf3 c5 2. c4 Nc6 3. Nc3 g6 4. g3 Bg7 5. Bg2 e6 6. d3 Nge7 7. Bg5 h6 8. Bd2
b6 9. a3 Bb7 10. O-O O-O 11. Rb1 d6 12. Qc1 Kh7 13. b4 Qd7 14. e3 Rac8 15. Rd1
g5 16. Qc2 f5 17. Ne2 Ng6 18. Bc3 e5 19. Nd2 f4 20. Be4 f3 21. Nxf3 Rxf3 22.
Bxf3 Nxb4 23. Bxb7 Nxc2 24. Be4 Nxa3 25. Rb3 Qa4 0-1

[Event "BL 1112 Hansa Dortmund - SF Katernberg"]
[Site "?"]
[Date "2012.02.25"]
[Round "10.3"]
[White "Bischoff, Klaus"]
[Black "Kohlweyer, Bernd"]
[Result "1-0"]
[WhiteElo "2547"]
[BlackElo "2458"]
[PlyCount "73"]
[EventDate "2012.??.??"]

1. c4 e6 2. Nf3 d5 3. e3 Nf6 4. b3 g6 5. Be2 Bg7 6. Bb2 O-O 7. Qc2 b6 8. cxd5
exd5 9. b4 Bb7 10. O-O c6 11. Nc3 a5 12. bxa5 Rxa5 13. d4 Nbd7 14. a4 Re8 15.
Rfc1 Ng4 16. h3 Nh6 17. Rab1 f5 18. Ba3 Nf7 19. Bf1 Ra7 20. g3 Ba8 21. Bg2 Qf6
22. h4 Nd6 23. Bxd6 Qxd6 24. Ne1 Bf6 25. Bxd5+ cxd5 26. Nb5 Qb8 27. Nxa7 Qxa7
28. Qc7 Qxc7 29. Rxc7 Rd8 30. Nd3 Be7 31. Rbc1 Kf7 32. Ra7 Bd6 33. f4 Ke6 34.
Ne5 Nxe5 35. fxe5 Bb4 36. Rcc7 Rf8 37. Kf2 1-0

[Event "BL 1112 Hansa Dortmund - SF Katernberg"]
[Site "?"]
[Date "2012.02.25"]
[Round "10.4"]
[White "Schmittdiel, Eckhard"]
[Black "Chuchelov, Vladimir"]
[Result "1/2-1/2"]
[WhiteElo "2466"]
[BlackElo "2538"]
[PlyCount "111"]
[EventDate "2012.??.??"]

1. e4 c5 2. c3 d5 3. exd5 Qxd5 4. d4 Nf6 5. Na3 cxd4 6. Nb5 Na6 7. Qxd4 e5 8.
Qxd5 Nxd5 9. Nf3 f6 10. Be2 Be6 11. O-O Nac7 12. Nxc7+ Nxc7 13. Rd1 Be7 14. c4
a5 15. Be3 Na6 16. Rac1 Bc5 17. Ne1 Bxe3 18. fxe3 Ke7 19. Bf3 Nc5 20. Nd3 Rac8
21. Nxc5 Rxc5 22. b3 b6 23. Bd5 Rhc8 24. Bxe6 Kxe6 25. Rd5 b5 26. Rxc5 Rxc5 27.
Kf2 bxc4 28. bxc4 Rc7 29. Rc3 a4 30. Ke2 Kd6 31. Kd3 Kc5 32. Rc2 Rb7 33. g4 Rb1
34. Ke4 Rf1 35. Rb2 Kxc4 36. Rb7 g6 37. a3 f5+ 38. gxf5 Rxf5 39. Rxh7 Kb3 40.
Rg7 Kxa3 41. Rxg6 Rh5 42. Rb6 Ka2 43. h4 a3 44. Rb8 Ka1 45. Kd5 e4+ 46. Kxe4 a2
47. Kd4 Rxh4+ 48. e4 Rh1 49. e5 Rb1 50. Ra8 Kb2 51. e6 a1=Q 52. Rxa1 Rxa1 53.
Kd5 Kc3 54. e7 Re1 55. Kd6 Rxe7 56. Kxe7 1/2-1/2

[Event "BL 1112 Hansa Dortmund - SF Katernberg"]
[Site "?"]
[Date "2012.02.25"]
[Round "10.5"]
[White "Siebrecht, Sebastian"]
[Black "Klyuner, Vyacheslav"]
[Result "1/2-1/2"]
[WhiteElo "2471"]
[BlackElo "2428"]
[PlyCount "89"]
[EventDate "2012.??.??"]

1. d4 Nf6 2. c4 e6 3. Nc3 Bb4 4. e3 c5 5. a3 Bxc3+ 6. bxc3 O-O 7. Bd3 d6 8. e4
cxd4 9. cxd4 e5 10. Ne2 Nc6 11. d5 Ne7 12. O-O Nd7 13. Be3 Qc7 14. Nc3 b6 15.
Rb1 Nc5 16. Nb5 Qd8 17. f4 a6 18. Nc3 exf4 19. Bxc5 bxc5 20. e5 dxe5 21. Qe2 f6
22. Ne4 Qa5 23. Qf2 Bf5 24. Nxc5 Bxd3 25. Nxd3 Qxa3 26. Nc5 Rfc8 27. Nd7 Rc7
28. Nb6 Rd8 29. Ra1 Qc5 30. Rxa6 Nf5 31. Qxc5 Rxc5 32. Rfa1 Nd6 33. R1a5 Rc7
34. c5 Ne4 35. Ra8 Rxa8 36. Rxa8+ Kf7 37. c6 Nd6 38. Na4 e4 39. Nc5 f5 40. Ne6
Rc8 41. Ra7+ Kf6 42. Nc5 Ke5 43. Nd7+ Kd4 44. Ra4+ Kd3 45. Ra3+ 1/2-1/2

[Event "BL 1112 Hansa Dortmund - SF Katernberg"]
[Site "?"]
[Date "2012.02.25"]
[Round "10.7"]
[White "Ris, Robert"]
[Black "Zelbel, Patrick"]
[Result "1-0"]
[WhiteElo "2403"]
[BlackElo "2408"]
[PlyCount "113"]
[EventDate "2012.??.??"]

1. d4 f5 2. Nf3 Nf6 3. g3 g6 4. Bg2 Bg7 5. O-O O-O 6. b3 d6 7. Bb2 c6 8. Nbd2
Qc7 9. Re1 Re8 10. e4 fxe4 11. Nxe4 Nxe4 12. Rxe4 Bf5 13. Re3 e5 14. dxe5 dxe5
15. Qe2 Nd7 16. Ng5 Nb6 17. c4 Rad8 18. Re1 h6 19. Ne4 Rf8 20. h4 Kh7 21. h5
gxh5 22. Qxh5 Qe7 23. R3e2 Bg6 24. Qh2 Rf5 25. Bh3 Rf7 26. Bc1 Kg8 27. Bg2 Qf8
28. Be3 Nd7 29. Qh4 Qe7 30. Qxe7 Rxe7 31. Rd2 Ra8 32. Red1 Nf8 33. Rd8 Re8 34.
Rxe8 Rxe8 35. Nd6 Rd8 36. Bxa7 Ne6 37. Bb6 Ra8 38. Nxb7 Rxa2 39. Bxc6 Nd4 40.
Bd5+ Kh8 41. Re1 h5 42. c5 h4 43. gxh4 Ne2+ 44. Kh1 Nf4 45. Be4 Ra1 46. Rxa1
Bxe4+ 47. Kh2 Bxb7 48. Ra7 Bd5 49. b4 Ne2 50. b5 Bh6 51. c6 Bf4+ 52. Kh3 Ng1+
53. Kg4 Bc4 54. Be3 Bxb5 55. Bxf4 Bxc6 56. Bxe5+ Kg8 57. h5 1-0